Statistics for Kings and Queens of Croatia

Click here to take the quiz!

General Stats

  • This quiz has been taken 20 times
    (8 since last reset)
  • The average score is 13 of 19

Answer Stats

RuleStyleDynasty#Name% Correct
1089-1091KingTrpimirovićIIStjepan
100%
c.1030-1058KingTrpimirovićIStjepan
100%
969-c.997KingTrpimirović-Stjepan Držislav
100%
949-c.969KingTrpimirovićIIMihajlo Krešimir
88%
925-c.928KingTrpimirović-Tomislav
88%
1075/76-1089KingTrpimirović - Svetoslavić-Dmitar Zvonimir
75%
1075/76-1089Queen ConsortArpad-Jelena
75%
969-975Queen RegentMadi-Jelena
75%
c.1000-c.1030KingTrpimirovićIIIKrešimir
75%
c.935-c.945KingTrpimirovićIKrešimir
75%
1093/95-1097KingSnačić-Petar
75%
1058-1074KingTrpimirovićIVPetar Krešimir
75%
c.997-c.1000KingTrpimirović - Svetoslavić-Svetoslav Suronja
75%
c.928-c.935KIngTrpimirovićIITrpimir
75%
c.945-949KingTrpimirović-Miroslav
50%
c.1000-1020co-KingTrpimirović-Gojslav
38%
c.1030-1058Queen ConsortOrseolo-Hicela
38%
c.945-949Queen ConsortUnknown-Margarita
38%
c.935-c.945Queen ConsortUnknown-Domaslava
25%

Score Distribution

Percentile by Number Answered

Percent of People with Each Score

Your Score History

You have not taken this quiz since the last reset